1660 1014 1756 1793 1272 1967 1483 1398 1291 1117 1398 1817 1698 1859 1934 1911 1967 1983 1944 1356 1137 1758 1735 1058 1385 1550 1898 1876 1030 1043 1644 1558 1879 1332 1314 1038 1011 1072 1953 1773 1306 1121 1689 1799 1732 1684 1797 1986 1781 1497 1005 1548 1331 1764 1752 1621 1859 1261 1740 1266 1903 1847 1191 1374 1150 1067 1406 1173 1235 1021 1473 1044 1385 1878 1366 1596 1094 1968 1275 1257 1212 1582 1941 1356 1692 1162 1019 1495 1513 1529 1518 1147 1568 1898 1457 1270 1480 1288 1607 BCNSPRNW ULIB Ver.6.0+V

เปลี่ยนเป็นภาษาไทย

Change to English
 แสดงรายละเอียดบรรณานุกรม
  กลับหน้าหลัก

Brief Record : Get Marc (ISO 2709) : E-mail record : QR code < ปิดหน้าต่าง
LEADER : 00000nam 2200000uu 4500
001    13399120299
003     ULIB
008    120918s2550||||th 000 0 tha d
020    ^a9789741337712
060 04 ^aQV737^bก941ย 2550
100 0  ^aโกมาตร จึงเสถียรทรัพย์
245 10 ^aยากับชุมชน :^bมิติทางสังคมวัฒนธรรม /^cผู้เขียน : โกมาตรจึงเสถียรทรัพย์, ลือชัย ศรีเงินยวง, วิชิต เปานิล ; บรรณาธิการ : โกมาตร จึงเสถียรทรัพย์, วิชิต เปานิล, นงลักษณ์ ตรงศีลสัตย์
250    ^aพิมพ์ครั้งที่ 1
260    ^aนนทบุรี :^bสำนักวิจัยสังคมและสุขภาพ กระทรวงสาธารณสุข,^c2550
300    ^aviii, 240 หน้า :^bภาพประกอบ ;^c21 ซม.
650  7 ^aการรักษาด้วยยา
650  7 ^aชุมชน^xการใชัยา
650  7 ^aร้านขายยา
650  7 ^aกองทุนยา
650  7 ^aเภสัชกรรมชุมชน, การบริการ
700 0  ^aวิชิต เปานิล
700 0  ^aลือชัย ศรีเงินยวง
700 0  ^aนงลักษณ์ ตรงศีลสัตย์,^eบรรณาธิการ
710 2  ^aกระทรวงสาธารณสุข. ^bสำนักวิจัยสังคมและสุขภาพ
710 2  ^aสำนักวิจัยสังคมและสุขภาพ
945    ^p180^l0^i14984
995    ^aกัณชพร
999 ^a ใช้งานได้ทุกระบบ
รายการนี้ยังไม่มีแท็ก
คุณยังไม่ได้ล็อกอิน คุณสามารถมีกิจกรรมร่วมกับเว็บไซต์ได้ แต่ต้องล็อกอินก่อน ::
  ล็อกอิน

รายการสื่อสารสนเทศ

ลำดับที่ ประเภท เลขเรียก/บาร์โค้ด สถานที่ สถานะ
1. วิทยาศาสตร์การแพทย์ และสุขภาพ
วิทยาศาสตร์การแพทย์ และสุขภาพ
QV737 ก941ย 2550  
  Barcode: 14984
ห้องสมุดวิทยาเขตสวรรค์ประชารักษ์
►ส่วนจัดเก็บหนังสือเก่า สปร
บนชั้น
  ขอยืม

รายการใกล้เคียง
    ผู้แต่ง [โกมาตร จึงเสถียรทรัพย์]

    หัวเรื่อง [การรักษาด้วยยา]
    หัวเรื่อง [ร้านขายยา]

BibComment


ยังไม่เคยถูกคอมเมนท์

คอมเมนท์ทรัพยากรรายการนี้
  คอมเมนท์: ยากับชุมชน มิติ..


 Copyright 2026. Bcnsprnw @Library